Madden NFL 24 Top 20 CBs - Statistics

General Stats
  • This quiz has been taken 309 times
  • The average score is 13 of 20
Answer Stats
Club Overall Player % Correct
Miami Dolphins 97 Jalen Ramsey
99%
Green Bay Packers 95 Jaire Alexander
94%
New York Jets 93 Sauce Gardner
94%
Denver Broncos 94 Patrick Surtain II
93%
Philadelphia Eagles 92 Darius Slay Jr
92%
Dallas Cowboys 87 Trevon Diggs
91%
Baltimore Ravens 93 Marlon Humphrey
86%
San Francisco 49ers 87 Charvarius Ward
84%
Cleveland Browns 88 Denzel Ward
84%
New Orleans Saints 90 Marshon Lattimore
81%
Dallas Cowboys 91 Stephon Gilmore
80%
Buffalo Bills 90 Tre'Davious White
78%
Atlanta Falcons 87 A.J. Terrell Jr
66%
Philadelphia Eagles 85 James Bradberry IV
46%
Washington Commanders 87 Kendall Fuller
38%
Indianapolis Colts 84 Kenny Moore II
32%
Tampa Bay Buccaneers 85 Jamel Dean
30%
Pittsburgh Steelers 85 Patrick Peterson
30%
Cincinnati Bengals 85 Chidobe Awuzie
27%
Jacksonville Jaguars 85 Tyson Campbell
19%
No matching quizzes found
Score Distribution
Percent of People with Each Score
Percentile by Number Answered
Your Score History
You have not taken this quiz